India in a globalised world: issues of growth with equity and justice (Record no. 492637)

000 -LEADER
fixed length control field 00300cam a22000977a 4500
008 - FIXED-LENGTH DATA ELEMENTS--GENERAL INFORMATION
fixed length control field 180718b1998 xxu||||| |||| 00| 0 eng d
100 ## - MAIN ENTRY--PERSONAL NAME
Personal name Ghosh, Arun
245 ## - TITLE STATEMENT
Title India in a globalised world: issues of growth with equity and justice
Statement of responsibility, etc. by Arun Ghosh
260 ## - PUBLICATION, DISTRIBUTION, ETC.
Place of publication, distribution, etc. New Delhi
Name of publisher, distributor, etc. Namedia
Date of publication, distribution, etc. 1998
300 ## - PHYSICAL DESCRIPTION
Extent 49p.
Holdings
Withdrawn status Lost status Damaged status Not for loan Permanent Location Current Location Date acquired Barcode Date last seen Price effective from Koha item type
        Indian Institute of Public Administration Indian Institute of Public Administration 2018-08-04 GR16420 2018-08-04 2018-08-04 GR

Powered by Koha